<?xml version="1.0" encoding="UTF-8"?>
<marc:record xmlns:marc="http://www.loc.gov/MARC21/slim">
   <marc:leader>00000nam a2200000 a 4500</marc:leader>
   <marc:datafield ind1="1" ind2=" " tag="100">
      <marc:subfield code="a">Francesca, Cavallo</marc:subfield>
      <marc:subfield code="4">aut</marc:subfield>
      <marc:subfield code="e">Verfasser/-in</marc:subfield>
   </marc:datafield>
   <marc:datafield ind1="0" ind2="0" tag="245">
      <marc:subfield code="a">Das Wunder von R.</marc:subfield>
   </marc:datafield>
   <marc:datafield ind1="0" ind2="0" tag="245">
      <marc:subfield code="c">Francesca, Cavallo</marc:subfield>
   </marc:datafield>
   <marc:datafield ind1=" " ind2="1" tag="264">
      <marc:subfield code="a">Berlin</marc:subfield>
      <marc:subfield code="b">Mentor</marc:subfield>
      <marc:subfield code="c">2021</marc:subfield>
   </marc:datafield>
   <marc:datafield ind1=" " ind2=" " tag="250">
      <marc:subfield code="a">1.</marc:subfield>
   </marc:datafield>
   <marc:datafield ind1="1" ind2=" " tag="520">
      <marc:subfield code="a">Heiligabend ohne Geschenke? Lasst uns das Weihnachtsfest retten!&#xD;
&#xD;
Der Weihnachtsmann und seine Elfen brauchen dringend Unterstützung, um rechtzeitig 200 000 Weihnachtsgeschenke zu verpacken! Ein magisches Wettrennen gegen die Zeit beginnt und Manuel, Camila und Shonda befinden sich unerwartet mitten in einem aufregenden Weihnachtsabenteuer. Mit ihren beiden Mamas mussten sie aus ihrer Heimat in die sichere Stadt R. flüchten. Doch dort verhalten sich die Erwachsenen den Fremden gegenüber zunächst unfreundlich und abweisend. Nur Olivia und die Kinder von R. suchen Kontakt zu den Neuankömmlingen. Gelingt es den Kindern gemeinsam, alle näher zusammenzubringen und so Weihnachten zu retten?</marc:subfield>
   </marc:datafield>
   <marc:datafield ind1=" " ind2=" " tag="020">
      <marc:subfield code="a">9783948230159</marc:subfield>
      <marc:subfield code="9">9783948230159</marc:subfield>
   </marc:datafield>
   <marc:datafield ind1=" " ind2=" " tag="020">
      <marc:subfield code="a">3948230153</marc:subfield>
      <marc:subfield code="9">3948230153</marc:subfield>
   </marc:datafield>
   <marc:datafield ind1=" " ind2=" " tag="041">
      <marc:subfield code="a">ger</marc:subfield>
   </marc:datafield>
   <marc:datafield ind1="1" ind2=" " tag="521">
      <marc:subfield code="a">FSK ab 8 freigegeben</marc:subfield>
   </marc:datafield>
   <marc:datafield ind1="1" ind2=" " tag="521">
      <marc:subfield code="a">8</marc:subfield>
   </marc:datafield>
   <marc:datafield ind1=" " ind2=" " tag="338">
      <marc:subfield code="a">Band</marc:subfield>
   </marc:datafield>
   <marc:datafield ind1=" " ind2=" " tag="300">
      <marc:subfield code="a">128</marc:subfield>
   </marc:datafield>
</marc:record>
